Artanoranlılık ve Türk gelir vergisindeki uygulaması (Record no. 168)

MARC details
000 -BAŞLIK
Sabit Uzunlukta Kontrol Alanı 00766na a2200241 4500
001 - KONTROL NUMARASI
Denetim Alanı 17611
003 - KONTROL NUMARASI IDENTIFIER
Denetim Alanı MIRAKIL
005 - SON İŞLEM TARİHİ VE ZAMANI
Denetim Alanı 20181213154736.0
008 - SABİT-BOY VERİ ELEMANLARI - GENEL BİLGİLER
Sabit Uzunlukta Kontrol Alanı 161031b tu 000 0
040 ## - KATALOGLAMA KAYNAK
Orijinal Kataloglama Ajansı Milas
Kataloglama Dili tur
Metne Dönüştürmek Ajansı TR-AnCHP
041 ## - DİL KODU
Metin / Ses Parça Veya Ayrı Başlığın Dil Kodu tur
082 ## - DEWEY ONLU SINIFLANDIRMA NUMARASI
Sınıflandırma Numarası 336.293
Ürün Numarası T36a 1978
090 ## - SINIFLAMA NUMARASI
Sınıflama Numarası 336.293 T36a 1978
100 ## - ANA GİRİŞ - KİŞİSEL İSİM
Kişisel Ad Tekin, Fazıl
245 ## - BAŞLIK TABLOSU
Başlık Artanoranlılık ve Türk gelir vergisindeki uygulaması
Sorumluluk Tablosu, Vb Fazıl Tekin
260 ## - YAYIN, DAĞITIM, VB
Yayın, Dağıtım, Vb Yeri Eskişehir
Yayıncı, Dağıtıcı, Vs Adı İktisadi ve Ticari İlimler Akademisi
Yayın, Dağıtım, Vb Tarihi 1978
300 ## - FİZİKSEL TANIM
Kapsam 179 s.
Diğer Fiziksel Ayrıntıları tbl.
Boyutlar 23 sm.
440 ## - SERİSİ TABLOSU / KATMA GİRİŞİ - BAŞLIK
Başlık Eskişahir İktisadi ve Ticari İlimler Akademisi Yayınları
Hacim / Ardışık Tanımı 192/122
504 ## - KAYNAKÇA VB NOT
Kaynakça Vb Notu Kaynakça var.
650 ## - KONU KATMA GİRİŞ - TOPİKAL DÖNEM
Topikal Süreli Veya Coğrafi Ad Giriş Elemanı Artan oranlı vergi
Coğrafi Alt Bölümü Türkiye
650 ## - KONU KATMA GİRİŞ - TOPİKAL DÖNEM
Topikal Süreli Veya Coğrafi Ad Giriş Elemanı Vergilendirme
Genel Alt Bölümü Uygulamalar
Coğrafi Alt Bölümü Türkiye
942 ## - EKLENDİ GİRİŞ ELEMANLARI (KOHA)
Sınıflandırma Veya Raf Düzeni Kaynak Dewey Decimal Classification
Koha Öğesi Türü Books
999 ## - SİSTEM KONTROL NUMARALARI (KOHA)
Koha Biblionumber 168
Koha Biblioitemnumber 168
Holdings
Kalıcı Konum Mevcut Konum Edinme Tarihi Edinim Kaynak Toplam Check-Out'Lar Tam Çağrı Numarası Barkod Tarih Son Görülme İtibaren Geçerli Fiyatlar Koha Öğesi Türü
CHP Kütüphanesi CHP Kütüphanesi 10/31/2016 Bağış   336.293 T36a 1978 005911 10/31/2016 10/31/2016 Books